TMS2010 139th annual meeting & exhibition: (Record no. 355951)

000 -LEADER
fixed length control field 00490nam a22001337a 4500
008 - FIXED-LENGTH DATA ELEMENTS--GENERAL INFORMATION
fixed length control field 160112b xxu||||| |||| 00| 0 eng d
020 ## - INTERNATIONAL STANDARD BOOK NUMBER
International Standard Book Number 9780873397520
082 ## - DEWEY DECIMAL CLASSIFICATION NUMBER
Edition number 23
Classification number 620.11
Author Mark TMS 2010
245 ## - TITLE STATEMENT
Title TMS2010 139th annual meeting & exhibition:
Remainder of title supplemental proceedings.
Statement of responsibility, etc. Minerals, Metals and Materials Society.
260 ## - PUBLICATION, DISTRIBUTION, ETC.
Place of publication, distribution, etc. Warrendale:
Name of publisher, distributor, etc. Minerals, Metals & Materials Society,
Date of publication, distribution, etc. c2010.
300 ## - PHYSICAL DESCRIPTION
Extent xxxix. : 820p. ;
Other physical details ill. ;
Dimensions 23 cm.
650 ## - SUBJECT ADDED ENTRY--TOPICAL TERM
Topical term or geographic name entry element Materials science
942 ## - ADDED ENTRY ELEMENTS (KOHA)
Source of classification or shelving scheme
Koha item type Book
Holdings
Withdrawn status Lost status Source of classification or shelving scheme Damaged status Not for loan Collection code Permanent Location Current Location Shelving location Date acquired Source of acquisition Cost, normal purchase price Total Checkouts Full call number Barcode Date last seen Price effective from Koha item type
            US-Pakistan Center for Advanced Studies in Energy (USPCAS-E) US-Pakistan Center for Advanced Studies in Energy (USPCAS-E)   01/12/2016 Golden 1237.00   620.11 TMS 2010 CAS-E0001237 01/12/2016 01/12/2016 Book
© 2023 Central Library, National University of Sciences and Technology. All Rights Reserved.